01066nam a2200277 a 4500001001200000003000800012006001900020007001500039008004100054020001800095020002700113040002100140035002100161043001200182050002500194100001800219245007300237260003400310300003100344504005100375533015200426651003800578655002900616710001700645856012600662ebr10504529CaPaEBRm u cr cn|||||||||111129s2011 enkabd sb 001 0 eng d z9781848856547 z9780857719768 (e-book) aCaPaEBRcCaPaEBR a(OCoLC)756484703 as-ag---14aF2849.3b.H43 2011eb1 aHedges, Jill.10aArgentinah[electronic resource] :ba modern history /cJill Hedges. aLondon :bI.B. Tauris,c2011. axvii, 317 p. :bill., map. aIncludes bibliographical references and index. aElectronic reproduction.bPalo Alto, Calif. :cebrary,d2011.nAvailable via World Wide Web.nAccess may be limited to ebrary affiliated libraries. 0aArgentinaxHistoryy21st century. 7aElectronic books.2local2 aebrary, Inc.40uhttp://site.ebrary.com/lib/rucke/Doc?id=10504529zAn electronic book accessible through the World Wide Web; click to view